000
00327nam a2200133Ia 4500
008
240624s9999 xx 000 0 und d
041
_a
eng
082
_a
658.8 BRO
100
_a
BROWN MARK
245
_a
M COMMERCE IN A WEEK
260
_c
2002
_a
London
_b
Hodder and stoughton
300
_a
88 : p. : cm. ; 20
365
_c
RS
_b
33
999
_c
11652
_d
11652